Virginia Counties by Population - Statistics

General Stats
  • This quiz has been taken 47 times
    45 since last reset
  • The average score is 19 of 95
Answer Stats
Population County % Correct
1,139,720 Fairfax
100%
427,592 Loudoun
91%
484,472 Prince William
86%
232,965 Arlington
73%
333,554 Henrico
73%
370,688 Chesterfield
68%
160,877 Stafford
50%
113,535 Albemarle
45%
96,589 Roanoke
45%
84,394 Rockingham
41%
143,676 Spotsylvania
41%
111,603 Hanover
36%
79,882 James City
36%
98,473 Montgomery
36%
70,915 York
36%
80,131 Bedford
32%
93,717 Frederick
32%
77,563 Augusta
27%
53,596 Culpeper
27%
73,815 Fauquier
27%
59,972 Pittsylvania
23%
42,880 Prince George
23%
40,925 Warren
23%
55,492 Campbell
18%
54,938 Franklin
18%
39,069 Gloucester
18%
2,226 Highland
18%
39,278 Isle of Wight
18%
38,848 Louisa
18%
44,752 Shenandoah
18%
53,635 Washington
18%
33,246 Accomack
14%
31,273 Amherst
14%
4,114 Bath
14%
33,866 Botetourt
14%
31,332 Caroline
14%
29,048 Carroll
14%
6,594 Charles City
14%
14,881 Clarke
14%
4,865 Craig
14%
27,912 Dinwiddie
14%
27,723 Fluvanna
14%
25,488 Goochland
14%
33,738 Halifax
14%
50,248 Henry
14%
6,662 King and Queen
14%
27,489 King George
14%
8,546 Mathews
14%
30,248 Mecklenburg
14%
12,085 Northampton
14%
37,188 Orange
14%
31,136 Powhatan
14%
33,759 Pulaski
14%
7,407 Rappahannock
14%
25,550 Russell
14%
29,477 Smyth
14%
6,530 Surry
14%
39,925 Tazewell
14%
35,647 Wise
14%
28,178 Wythe
14%
14,986 Alleghany
9%
13,268 Amelia
9%
16,353 Appomattox
9%
6,173 Bland
9%
15,940 Brunswick
9%
19,816 Buchanan
9%
16,947 Buckingham
9%
11,448 Charlotte
9%
9,681 Cumberland
9%
13,787 Dickenson
9%
10,573 Essex
9%
15,566 Floyd
9%
16,562 Giles
9%
15,359 Grayson
9%
20,968 Greene
9%
11,437 Greensville
9%
18,171 King William
9%
10,928 Lancaster
9%
21,983 Lee
9%
11,926 Lunenburg
9%
13,942 Madison
9%
10,781 Middlesex
9%
14,790 Nelson
9%
23,897 New Kent
9%
12,029 Northumberland
9%
15,594 Nottoway
9%
23,807 Page
9%
17,602 Patrick
9%
21,932 Prince Edward
9%
9,017 Richmond
9%
22,641 Rockbridge
9%
21,419 Scott
9%
18,006 Southampton
9%
10,763 Sussex
9%
18,731 Westmoreland
9%
No matching quizzes found
Score Distribution
Percent of People with Each Score
Percentile by Number Answered
Your Score History
You have not taken this quiz since the last reset